| 000 | 01649cam a22001934a 4500 | ||
|---|---|---|---|
| 005 | 20250605164339.0 | ||
| 008 | 250528s ||||||||||||||||||||||||d | ||
| 035 | _a23549 | ||
| 040 |
_aGR-AtMCL _bgre _dGR-AtMCL _eAACR2 |
||
| 245 | 1 | _aCollaboration Between Parents of Children with SEND and Teachers in a Special High School in Athens/Dissertation Submitted to the University of Derby in Partial Fulfilment of the Requirements for the Degree of Master of Arts in Education (SEND) | |
| 260 | _c2019 | ||
| 300 | _a75 | ||
| 520 | _aAbstract, Introduction, Literature Review, Introduction, The Importance and Reality of Parent-Teacher Collaboration in Inclusive and Special Education Schools, Policies and Interventions for Effective Parent-Teacher Collaboration, Special Education Schools in Greece, Methodology, Data Collection Tool, The Semi-Structured Interview, Interview Protocol Design Procedure, Pilot Study, Sample, Access and Ethics, Analysis, Findings, The Characteristics of an Ideal Relationship Between Parents and Teachers in a SEND Context, Examples of Unsuccessful Collaboration Between Parents and Teachers in a SEND Context and Parameters that Determine this Miscollaboration, Examples of Successful Cooperation Between Parents and Teachers, Positive and Negative Psychological and Academic Effects of the Decision to Enroll Their Child in a Special Educaion School, Discussion, Conclusion, Limitations of the Present Study and Suggestions for Future Research, References, Appendices. | ||
| 700 | 1 |
_aArvaniti Eleftheria _99125 |
|
| 700 | 1 |
_aTriantafyllaki Angeliki _99119 |
|
| 942 | _cDS | ||
| 999 |
_c8550 _d8550 |
||